[Event "Osijek op"]
[Site "Osijek"]
[Date "2015.03.07"]
[Round "6"]
[White "Babic, Josip"]
[Black "Pesic, Josip"]
[Result "0-1"]
[WhiteElo "1498"]
[BlackElo "1718"]
[PlyCount "97"]
[EventDate "2015.03.05"]
[EventType "swiss"]
[EventRounds "7"]
[EventCountry "CRO"]
[SourceTitle "CBM 165 Extra"]
[Source "ChessBase"]
[SourceDate "2015.04.21"]
[SourceVersion "1"]
[SourceVersionDate "2015.04.21"]
[SourceQuality "1"]

1. e4 e5 2. Bc4 Nc6 3. c3 Bc5 4. b4 Bb6 5. Nf3 h6 6. b5 Na5 7. Bxf7+ Kf8 8. Nxe5 Qf6 9. d4 d6 10. Ba3 Ne7 11. Nc4 Qxf7 12. Nxb6 axb6 13. d5 Bd7 14. Qe2 Qg6 15. Nd2 Re8 16. Qf3+ Kg8 17. 0-0 Bxb5 18. Rfc1 Kh7 19. c4 Bd7 20. Bb2 Rhf8 21. Qg3 Rf7 22. Qxg6+ Nxg6 23. Rc3 Ne5 24. a4 Ref8 25. f3 g5 26. h3 h5 27. Kf2 g4 28. Kg3 gxf3 29. gxf3 Rg8+ 30. Kf2 Bxh3 31. Rg1 Rxg1 32. Kxg1 Rg7+ 33. Kh2 Bd7 34. f4 Ng4+ 35. Kg3 Ne3+ 36. Kf3 Nd1 37. Ba1 Nxc3 38. Bxc3 Rg8 39. f5 h4 40. Nf1 Nxc4 41. f6 Ne5+ 42. Ke2 Bxa4 43. Ne3 h3 44. Nf5 h2 45. Bxe5 h1Q 46. Bc3 Qxe4+ 47. Ne3 Re8 48. Bd2 Kg6 49. Kf2 0-1

[Event "Osijek op"]
[Site "Osijek"]
[Date "2015.03.06"]
[Round "3"]
[White "Babic, Josip"]
[Black "Bokun, Josip"]
[Result "0-1"]
[WhiteElo "1498"]
[BlackElo "1859"]
[PlyCount "148"]
[EventDate "2015.03.05"]
[EventType "swiss"]
[EventRounds "7"]
[EventCountry "CRO"]
[SourceTitle "CBM 165 Extra"]
[Source "ChessBase"]
[SourceDate "2015.04.21"]
[SourceVersion "1"]
[SourceVersionDate "2015.04.21"]
[SourceQuality "1"]

1. e4 c5 2. Bc4 g6 3. a4 Bg7 4. a5 Nc6 5. Qf3 e6 6. a6 Ne5 7. Qe2 Nxc4 8. Qxc4 Qb6 9. Nf3 bxa6 10. c3 Nf6 11. Qe2 0-0 12. 0-0 Bb7 13. d3 a5 14. Be3 Ba6 15. Qd2 Ng4 16. Bf4 e5 17. Be3 Nxe3 18. fxe3 Rab8 19. Rf2 c4 20. d4 d6 21. Na3 Qc7 22. Rb1 Rb3 23. Qc1 Rfb8 24. Nd2 R3b6 25. h3 Bh6 26. Re2 Qc6 27. Qc2 Bf8 28. d5 Qc5 29. Nf1 Bh6 30. Qc1 Rb3 31. Nh2 Qb6 32. Ng4 Bg5 33. g3 Rxa3 34. bxa3 Qxb1 35. Qxb1 Rxb1+ 36. Kf2 h5 37. Nh2 Bb5 38. h4 Bh6 39. g4 Ba4 40. gxh5 Bd1 41. Rd2 Bxh5 42. Nf1 Rb3 43. Rc2 Rxa3 44. Nd2 Ra4 45. Rb2 Bd1 46. Rb8+ Bf8 47. Rb2 Bb3 48. Nxb3 cxb3 49. Rxb3 Rxe4 50. Ra3 a4 51. Kf3 f5 52. Ra1 Rxh4 53. Ke2 Bh6 54. Kd3 Rh3 55. c4 Bxe3 56. Rb1 Bb6+ 57. Kc2 a3 58. Rb5 Rh2+ 59. Kb1 Rb2+ 60. Rxb2 axb2 61. Kxb2 g5 62. Kc2 g4 63. Kd3 Kg7 64. Ke2 Kg6 65. Kf1 Kg5 66. Kg2 f4 67. Kf1 f3 68. Ke1 f2+ 69. Kf1 Kf4 70. Kg2 Ke3 71. Kf1 g3 72. c5 dxc5 73. d6 Kf3 74. d7 g2# 0-1

[Event "Osijek-ch op"]
[Site "Osijek"]
[Date "2014.02.22"]
[Round "6"]
[White "Zivkovic, Zvonimir"]
[Black "Babic, Josip"]
[Result "1-0"]
[WhiteElo "1680"]
[BlackElo "1511"]
[PlyCount "83"]
[EventDate "2014.02.20"]
[EventType "swiss"]
[EventRounds "7"]
[EventCountry "CRO"]
[SourceTitle "CBM 159 Extra"]
[Source "ChessBase"]
[SourceDate "2014.04.24"]
[SourceVersion "1"]
[SourceVersionDate "2014.04.24"]
[SourceQuality "1"]

1. d4 d5 2. Nf3 Nc6 3. Bf4 h6 4. h3 g5 5. Bh2 Bg7 6. e3 Nf6 7. c4 0-0 8. cxd5 Nxd5 9. a3 Nf6 10. Bd3 e6 11. Ne5 Ne7 12. Nc3 c6 13. 0-0 a5 14. f4 Ned5 15. Nxd5 Nxd5 16. Qd2 Bxe5 17. fxe5 f5 18. exf6 Nxf6 19. Be5 b6 20. Qc2 Ba6 21. Bh7+ Kh8 22. Rf2 Ra7 23. Bd3 Bxd3 24. Qxd3 Kg7 25. Raf1 Raf7 26. Qc4 Qd5 27. Qc2 c5 28. Qc3 Kg6 29. Bxf6 Rxf6 30. Rxf6+ Rxf6 31. Rxf6+ Kxf6 32. dxc5+ e5 33. c6 Qd8 34. c7 Qc8 35. Qc6+ Ke7 36. Qxb6 Kd7 37. Qxa5 Qxc7 38. Qxc7+ Kxc7 39. Kf2 e4 40. Kg3 Kd6 41. Kg4 Kd5 42. Kf5 1-0

[Event "Osijek-ch op"]
[Site "Osijek"]
[Date "2014.02.20"]
[Round "1"]
[White "Babic, Josip"]
[Black "Benes, Bedrich"]
[Result "0-1"]
[WhiteElo "1511"]
[BlackElo "1996"]
[PlyCount "55"]
[EventDate "2014.02.20"]
[EventType "swiss"]
[EventRounds "7"]
[EventCountry "CRO"]
[SourceTitle "CBM 159 Extra"]
[Source "ChessBase"]
[SourceDate "2014.04.24"]
[SourceVersion "1"]
[SourceVersionDate "2014.04.24"]
[SourceQuality "1"]

1. a4 e5 2. b3 d5 3. Ba3 Bxa3 4. Nxa3 Nf6 5. h3 0-0 6. e3 c5 7. Nf3 e4 8. Nh2 Nc6 9. c3 d4 10. Be2 Be6 11. Bg4 dxc3 12. Bxe6 cxd2+ 13. Qxd2 Qxd2+ 14. Kxd2 Rfd8+ 15. Ke2 fxe6 16. Rhd1 Nd5 17. Kf1 Na5 18. Ng4 Nxb3 19. Ra2 Nc3 20. Rxd8+ Rxd8 21. Re2 Rd1+ 22. Re1 Nd2+ 23. Kg1 Rxe1+ 24. Kh2 Nxa4 25. Nb5 Nf1+ 26. Kg1 Nxe3+ 27. Kh2 Nxg4+ 28. hxg4 0-1

[Event "Osijek op"]
[Site "Osijek"]
[Date "2013.02.23"]
[Round "6.35"]
[White "Babic, Josip"]
[Black "Radman, Marijan"]
[Result "0-1"]
[WhiteElo "1529"]
[BlackElo "1739"]
[PlyCount "96"]
[EventDate "2013.02.21"]
[EventType "swiss"]
[EventRounds "7"]
[EventCountry "CRO"]
[SourceTitle "EXT 2014"]
[Source "ChessBase"]
[SourceDate "2013.11.20"]
[SourceVersion "1"]
[SourceVersionDate "2013.11.20"]
[SourceQuality "1"]

1. e4 e5 2. Bc4 Nf6 3. Nc3 Nc6 4. Nf3 Bc5 5. d3 d6 6. Be3 Bb6 7. a3 Bg4 8. h3 Bh5 9. g4 Bg6 10. Bxb6 axb6 11. Nd5 Na5 12. Nxf6+ Qxf6 13. g5 Qf4 14. h4 f6 15. Ba2 Rf8 16. Rh3 f5 17. Qd2 fxe4 18. Qxf4 Rxf4 19. Nd2 exd3 20. cxd3 Kd7 21. Ke2 Raf8 22. Rf1 Nc6 23. Bb1 Nd4+ 24. Ke1 Nf3+ 25. Nxf3 Rxf3 26. Rxf3 Rxf3 27. Rh1 Bxd3 28. Bxd3 Rxd3 29. Rh2 Rb3 30. f4 exf4 31. Rf2 Re3+ 32. Kd2 Re4 33. Kc2 Ke6 34. Kd1 Kf5 35. Rc2 c6 36. b4 f3 37. b5 c5 38. Rf2 Kg4 39. a4 Kg3 40. Rd2 f2 41. Kc2 f1Q 42. a5 bxa5 43. b6 Re2 44. g6 Rxd2+ 45. Kb3 Qf3+ 46. Kc4 Rd4+ 47. Kb5 Rb4+ 48. Kxa5 Qa3# 0-1

[Event "Osijek-ch op"]
[Site "Osijek"]
[Date "2012.02.24"]
[Round "3"]
[White "Lovakovic, Franjo"]
[Black "Babic, Josip"]
[Result "1-0"]
[WhiteElo "1947"]
[BlackElo "1548"]
[PlyCount "101"]
[EventDate "2012.02.23"]
[EventType "swiss"]
[EventRounds "7"]
[EventCountry "CRO"]
[SourceTitle "EXT 2013"]
[Source "ChessBase"]
[SourceDate "2012.11.22"]
[SourceVersion "1"]
[SourceVersionDate "2012.11.22"]
[SourceQuality "1"]

1. e4 e5 2. Nf3 d6 3. d4 Bg4 4. dxe5 Bxf3 5. Qxf3 dxe5 6. Bc4 Qf6 7. Qb3 b6 8. 0-0 Nh6 9. Nc3 c6 10. a3 Bc5 11. h3 0-0 12. Ne2 a5 13. Ng3 Qh4 14. Be2 Nd7 15. Be3 Bxe3 16. Qxe3 Nc5 17. b3 Rab8 18. f4 Rfe8 19. f5 g6 20. Rf3 g5 21. f6 g4 22. Nf5 Nxf5 23. Rxf5 Ne6 24. Bxg4 Nf4 25. Kh2 Kh8 26. g3 Qh6 27. gxf4 Rg8 28. Rg1 Rg6 29. Rh5 Qxf4+ 30. Qxf4 exf4 31. Bf5 Rxg1 32. Rxh7+ Kg8 33. Kxg1 Rd8 34. Rg7+ Kh8 35. Rxf7 Rg8+ 36. Kf2 Rd8 37. Kf3 Kg8 38. Bg6 Rd6 39. e5 Rd2 40. Rc7 Rd8 41. Rxc6 Kf8 42. Rxb6 Rc8 43. c4 Kg8 44. Rb7 Rf8 45. Kxf4 Rd8 46. e6 Rf8 47. Kf5 Rc8 48. Rg7+ Kh8 49. Rh7+ Kg8 50. f7+ Kf8 51. Kf6 1-0

[Event "Osijek-ch op"]
[Site "Osijek"]
[Date "2012.02.23"]
[Round "2"]
[White "Babic, Josip"]
[Black "Matanovic, Luka"]
[Result "0-1"]
[WhiteElo "1548"]
[BlackElo "1914"]
[PlyCount "101"]
[EventDate "2012.02.23"]
[EventType "swiss"]
[EventRounds "7"]
[EventCountry "CRO"]
[SourceTitle "EXT 2013"]
[Source "ChessBase"]
[SourceDate "2012.11.22"]
[SourceVersion "1"]
[SourceVersionDate "2012.11.22"]
[SourceQuality "1"]

1. e4 e5 2. Bc4 Nf6 3. d3 Nc6 4. a3 d5 5. exd5 Nxd5 6. Bxd5 Qxd5 7. Qf3 Be6 8. Nc3 Qd7 9. h3 0-0-0 10. Nge2 f6 11. Be3 Be7 12. b4 Nd4 13. Bxd4 exd4 14. Ne4 Qc6 15. Nc5 Qxf3 16. gxf3 Bf7 17. Ng3 Rhe8 18. 0-0-0 Bd5 19. Nce4 a5 20. bxa5 Bxa3+ 21. Kd2 Bb4+ 22. Ke2 g6 23. Rb1 Bxa5 24. Kf1 Re6 25. Kg2 Bb6 26. Rhf1 h6 27. Nd2 Rc6 28. Rb2 Re8 29. Rfb1 h5 30. Kg1 h4 31. Nge4 f5 32. Nf6 Rxf6 33. Nc4 Bxc4 34. dxc4 Rc6 35. Rb4 Re2 36. R1b2 Rc5 37. f4 Re4 38. Ra2 Ra5 39. Rab2 Rxf4 40. c5 Rxc5 41. c4 dxc3 42. Kg2 cxb2 43. Rxb2 Rc3 44. Re2 Rxf2+ 45. Rxf2 Bxf2 46. Kxf2 b5 47. Kg2 b4 48. Kf1 b3 49. Kg2 b2 50. Kh2 b1Q 51. Kg2 0-1

[Event "Osijek-ch op"]
[Site "Osijek"]
[Date "2011.02.25"]
[Round "4"]
[White "Sesar, Ante"]
[Black "Babic, Josip"]
[Result "0-1"]
[WhiteElo "1784"]
[BlackElo "1600"]
[PlyCount "102"]
[EventDate "2011.02.24"]
[EventType "swiss"]
[EventRounds "7"]
[EventCountry "CRO"]
[SourceTitle "EXT 2012"]
[Source "ChessBase"]
[SourceDate "2011.11.24"]
[SourceVersion "1"]
[SourceVersionDate "2011.11.24"]
[SourceQuality "1"]

1. d4 g6 2. Nf3 Bg7 3. Bf4 d6 4. e3 h6 5. Bd3 b6 6. Nbd2 a5 7. c3 e6 8. Qc2 Ne7 9. e4 Bb7 10. h4 Ba6 11. c4 Nd7 12. a4 Nc6 13. Be3 Nb4 14. Qb3 Qe7 15. Rc1 e5 16. d5 Nc5 17. Bxc5 bxc5 18. Bb1 0-0 19. Qc3 Rab8 20. b3 Bc8 21. Qe3 f5 22. exf5 Bxf5 23. Bxf5 Rxf5 24. Ne4 Rbf8 25. Rh3 Rf4 26. Rg3 Qe8 27. Ke2 Kf7 28. Rh3 Ke7 29. Nc3 Kd7 30. Rg3 Kc8 31. Ne4 h5 32. Nfg5 Bh6 33. Rc3 Kb7 34. f3 Rxh4 35. Qf2 Rhf4 36. Kf1 R8f5 37. Kg1 Bxg5 38. Rxg5 Rxg5 39. Nxg5 Qf8 40. Ne6 Qf5 41. Nxf4 Qxf4 42. g3 Qf5 43. Kg2 Qf6 44. Qe3 g5 45. Qe4 Qg7 46. Qf5 g4 47. fxg4 hxg4 48. Rc1 Qh6 49. Rf1 Qh3+ 50. Kf2 Qh2+ 51. Ke1 Nc2+ 0-1